Quizzes
Events
Quiz Creation
Community
Videos
Private Events
Remove Ads
Sign In
Join for FREE
Feedback
Dark Mode
Quiz Categories
Sports
Geography
Music
Movies
Television
Just For Fun
Miscellaneous
History
Literature
Language
Science
Gaming
Entertainment
Religion
Holiday
For Kids
Quiz Lab
Recent
Popular Today
Quiz Kudos Today
Editor Picks
Curator Picks
Quizzes by...
Day
Popularity
Type
Ratings
Length
Year
Community
Subscriptions
Recent Discussions
Orange Saloon
Badges
Playlists
Quests
Create
Leaderboards
Showdown
Live 5
Trivia Bingo
Activity
Puzzle Library
Sporcle Events
Private Events
Virtual Trivia
Globe League
Become a Host
Pub Owners
SporcleCon
Opinionation
Our Games
Videos
Blog
Mobile Apps
Partnerships
Remove Ads and Go Orange
Feedback
Music
Pop Music
The Beatles
Song
Album
Lyrics
Bands
Singers
Artist
Clip
Rock
Rap
Classical
Billboard
Country Music
Kpop
Taylor Swift
Music
Pop Music
The Beatles
Song
Album
Lyrics
Bands
Singers
Artist
Clip
Rock
Rap
Classical
Billboard
Country Music
Kpop
Taylor Swift
Random Quiz
Search Sporcle
×
Quiz Lab
Quiz Lab
Music
Artist
Type in answers that appear in a list
Type in answers that appear in a list
Classic
Best Score? Go Orange.
Billboard Top 50 Country Songs 2014 Stats
Can you name the Billboard Top 100 Country Songs 2014
By
brittanyrayon
15m
50 Questions
206 Plays
206 Plays
206 Plays
Comments
Comments
Give Quiz Kudos
Give Quiz Kudos
-
- Ratings
hide this ad
Replay
Link that replays current quiz
Next Quiz
Link to next quiz in quiz playlist
You Got
0%
They Got
Avg Score
60%
Avg Friend Score
Upgrade to see
Score Distribution
Jump to the score distribution portion of the page
Score
0/50
Timer
15:00
0
Plays Today
Artist
Song
% Correct
Florida Georgia Line Featuring Luke Bryan
This Is How We Roll
84%
Florida Georgia Line
Dirt
75.7%
Kenny Chesney
American Kids
74.8%
Dierks Bentley
Drunk On A Plane
73.3%
Miranda Lambert Duet With Carrie Underwood
Somethin' Bad
73.3%
Maddie & Tae
Girl In A Country Song
72.3%
Luke Bryan
Play It Again
70.9%
Lady Antebellum
Bartender
69.9%
Sam Hunt
Leave The Night On
68.9%
Brantley Gilbert
Bottoms Up
68%
Jake Owen
Beachin'
68%
Lee Brice
I Don't Dance
67.5%
Luke Bryan
Roller Coaster
67.5%
Jason Aldean
Burnin' It Down
67%
Frankie Ballard
Sunshine & Whiskey
66%
Luke Bryan
Drink A Beer
65.5%
Joe Nichols
Yeah
65.5%
Cole Swindell
Chillin' It
65.5%
Keith Urban
Cop Car
64.6%
Tim McGraw Featuring Faith Hill
Meanwhile Back At Mama's
63.6%
Brett Eldredge
Beat Of The Music
63.1%
Miranda Lambert
Automatic
61.2%
Brantley Gilbert Featuring Justin Moore & Thomas Rhett
Small Town Throwdown
61.2%
Dustin Lynch
Where It's At
60.7%
Thomas Rhett
Get Me Some Of That
60.2%
Artist
Song
% Correct
Chase Rice
Ready Set Roll
59.2%
Rascal Flatts
Rewind
58.7%
Florida Georgia Line
Stay
58.7%
Keith Urban
Somewhere In My Car
57.8%
Little Big Town
Day Drinking
56.8%
Eric Church
Give Me Back My Hometown
56.3%
Cole Swindell
Hope You Get Lonely Tonight
56.3%
Blake Shelton
Neon Light
56.3%
Blake Shelton Featuring Gwen Sebastian
My Eyes
55.3%
Jerrod Niemann
Drink To That All Night
54.9%
Dierks Bentley
I Hold On
53.9%
Brad Paisley
River Bank
53.4%
Jason Aldean
When She Says Baby
52.4%
Justin Moore
Lettin' The Night Roll
52.4%
Billy Currington
We Are Tonight
51.9%
David Nail
Whatever She's Got
51%
Tyler Farr
Whiskey In My Water
50.5%
Lady Antebellum
Compass
50.5%
Frankie Ballard
Helluva Life
50%
Dan + Shay
19 You + Me
49.5%
Big & Rich
Look At You
48.5%
Eli Young Band
Dust
48.5%
Blake Shelton
Doin' What She Likes
47.1%
Randy Houser
Goodnight Kiss
47.1%
Chris Young
Who I Am With You
46.1%
Quiz Playlist
Details
Report
Send in Message
Add To Playlist
Classic:
Type in answers that appear in a list
Last Updated: Feb 16, 2017
Quiz Scoreboard
CHALLENGE
Sign Up to Join the Scoreboard
Show All
Scores
Hide
Comments
May contain spoilers
Recently Published
9x9 Crossword: Cartoon Network
by jackfrog10
Miscellaneous
3m
College Basketball Coaching Resumes
by pancakes188
Sports
9m
Billboard Blitz: Fleetwood Mac
by CooCooCachoo
Music
15s
More to Explore
Quiz From the Vault
Featured Blog Post
Where Did the Easter Bunny Come From?
hide this ad
You Might Also Like...
Tags
Artist Quiz
Billboard Quiz
Country Quiz
Country Music Quiz
Song Quiz
100
2014
Top 100
Top 50
Top Billboard
Today's Top Quizzes in Music
Browse Music
hide this ad
Today's Top Quizzes in Artist
Browse Artist
Top Contributed Quizzes in Music
1
Taylor Swift All Songs (2024)
2
Guess the Artist- 70s Songs
3
7-to-1: Billboard Hot 100 #1 Hits of 2010s
4
Sorting Albums and Songs
5
Taylor Swift Logic Puzzle
6
KPOP LOGIC QUIZ
7
Guess the Taylor Swift song (Mystery Song)
8
Guess The Taylor Swift Lyrics Song #1
9
Billboard Blitz: ABBA
10
One Thing in Common: Music
Explore More
Trending Topics
NBA
Anime
Disney
Harry Potter
Crossword
Kpop
Marvel
Song
Country
Pokémon
WWE
NFL
Soccer
The Office
Puzzle
hide this ad
More By:
brittanyrayon
Quiz
Plays
Rating
Category
Featured
Created
Billboard Top 50 Country Songs 2014
206
Music
Jan 15, 2015
Go to Creator's Profile
Score Distribution
Quiz Creator Spotlight
brittanyrayon
Follow
Send a Message
Quizzes Created
-
Created Quiz Play Count
-
More By This Creator
Popular Quizzes Today
1
Find the US States - No Outlines Minefield
2
Find the Countries of Europe - No Outlines Minefield
3
The Countries of the World
4
Find the US States
5
Risky Map Clicking: Biggest States A-Z
6
US States
7
Popular People in 1961
8
Movies - When Are They Set?
More Music Quizzes
Find the 'Dance' Artist
Quiz Lab
Trending Quizzes
Risky Map Clicking: Least Populous States A-Z
1-10 Letter G Words
1-10 Letter F Words
Risky Map Clicking: Next State Alphabetically
Adjectives in 80s TV Shows
Recently Updated
Leaping Animals
pecheneg
Reality TV Shows (A-Z)
bhenderson79
Rickey Henderson's Hall of Fame Teammates
pecheneg
Champions League XIs: Arsenal
pecheneg
Quick Pick: Celebrities in WWE's Hall of Fame
aduchscher
A-Z Keypad Blitz II
pecheneg
Multiple Oscar Actors
pecheneg
Mystery Phrase Blitz: Oscar 'Best Actors'
pecheneg
F. Scott Fitzgerald Novels
LTH
Pick 3 Villains
ddd62291
Trending Topics
Anime
Marvel
Disney
Kpop
NBA
Harry Potter
Crossword
WWE
Pokémon
Country
The Office
Soccer
NFL
Song
Puzzle
Your Account Isn't Verified!
In order to create a playlist on Sporcle, you need to verify the email address you used during registration. Go to your
Sporcle Settings
to finish the process.
Report this User
Report this user for behavior that violates our
Community Guidelines
.
Details:
Send Report
Go to the Sporcle.com Mobile Site →
Comments